LEADER 01251nam0-2200421---450- 001 990008729910403321 005 20090423122625.0 010 $a88-386-6321-1 035 $a000872991 035 $aFED01000872991 035 $a(Aleph)000872991FED01 035 $a000872991 100 $a20081008d2007----km-y0itay50------ba 101 0 $aita 102 $aIT 105 $a--------001yy 200 1 $aTecnologie dei sistemi di controllo$fGianantonio Magnani, Gianni Ferretti, Paolo Rocco 205 $a2. ed. 210 $aMilano$cMcGraw-Hill$dc2007 215 $aX, 432 p.$cill.$d24 cm 225 1 $aCollana di istruzione scientifica$iSerie di tecnologia 610 0 $aSistemi di controllo 676 $a629.831 2 700 1$aMagnani,$bGianantonio$0314707 701 1$aFerretti,$bGianni$0314708 701 1$aRocco,$bPaolo$0273700 801 0$aIT$bUNINA$gRICA$2UNIMARC 901 $aBK 912 $a990008729910403321 952 $a13 61 22$b15739$fFINBC 952 $a13 H 53 20$b15738$fFINBC 952 $a23 04 A 21$b15740$fFINAG 952 $a23 04 A 22$b15741$fFINAG 952 $a23 04 A 23$b15837$fFINAG 959 $aFINBC 959 $aFINAG 996 $aTecnologie dei sistemi di controllo$9720429 997 $aUNINA LEADER 00930nas 2200337 c 450 001 9910893708403321 005 20260218112012.0 035 $a(CKB)5280000000201852 035 $a(DE-599)ZDB2848894-5 035 $a(DE-101)1088419615 035 $a(DE-599)2848894-5 035 $a(EXLCZ)995280000000201852 100 $a20160308a20129999 |y | 101 0 $acze 135 $aur||||||||||| 181 $ctxt$2rdacontent 182 $cc$2rdamedia 183 $acr$2rdacarrier 200 00$aClavibus unitis$eCU$fNadace pro de?jiny kultury ve str?edni? Evrope? 210 31$aPraha$cNadace pro de?jiny kultury ve str?edni? Evrope?$d[2012]- 215 $aOnline-Ressource 517 3 $aCU 608 $aZeitschrift$2gnd-content 676 $a300 801 0$b0355 801 1$bDE-101 801 2$b9001 906 $aJOURNAL 912 $a9910893708403321 996 $aClavibus unitis$94269859 997 $aUNINA